Επίλογος αέρας
Αποθηκεύτηκε σε:
| Κύριος συγγραφέας: | |
|---|---|
| Μορφή: | Βιβλίο |
| Γλώσσα: | Greek |
| Δημοσίευση: |
Αθήνα :
Κέδρος,
c1990.
|
| Θέματα: | |
| Ετικέτες: |
Προσθήκη ετικέτας
Δεν υπάρχουν, Καταχωρήστε ετικέτα πρώτοι!
|
MARC
| LEADER | 00000cam a2200000 i 4500 | ||
|---|---|---|---|
| 001 | 1/57602 | ||
| 008 | 141007s1990 gr | ||| |||| ||gre|| | ||
| 020 | |a 960040318X | ||
| 035 | |l 10119379 | ||
| 040 | |a GR-MyUa |b gre |e AACR2 | ||
| 041 | 0 | |a gre | |
| 082 | 7 | |a 889.1 |2 (23) | |
| 100 | 1 | |a Αγγελάκη-Ρουκ, Κατερίνα, |d 1939-2020. | |
| 245 | 1 | 0 | |a Επίλογος αέρας / |c Κατερίνα Αγγελάκη-Ρουκ. |
| 260 | |a Αθήνα : |b Κέδρος, |c c1990. | ||
| 300 | |a 77 σ. ; |c 21 εκ. | ||
| 650 | 0 | |a Greek poetry, Modern |y 20th century. | |
| 852 | |a INST |b SYROS |e 20141007 |h 889.1 ΑΓΓ |p 005500012424 |q 005500012424 |t BK |y 0 | ||
| 901 | |a BIBL5-2014-3 | ||
| 970 | |a Κοντού |b Παρασκευή |z 07/10/2014 | ||